[Event "ITA-ch U18"]
[Site "Tarvisio"]
[Date "2023.07.06"]
[Round "5"]
[White "Pizzoferrato, Mattia"]
[Black "Greco, Edoardo"]
[Result "1-0"]
[WhiteElo "1753"]
[BlackElo "1967"]
[PlyCount "103"]
[EventDate "2023.07.02"]
[EventType "swiss"]
[EventRounds "9"]
[EventCountry "ITA"]
[SourceTitle "EXT 2024"]
[Source "ChessBase"]
[SourceDate "2023.10.10"]
[SourceVersion "1"]
[SourceVersionDate "2023.10.10"]
[SourceQuality "1"]

1. e4 c5 2. Nf3 e6 3. d4 cxd4 4. Nxd4 a6 5. Bd3 Bc5 6. Nb3 Ba7 7. Qe2 d6 8. Be3 Nc6 9. 0-0 Nf6 10. c4 Bxe3 11. Qxe3 0-0 12. Nc3 Qc7 13. Rac1 b6 14. Nd5 Qd8 15. Nxb6 Ng4 16. Qg3 Qxb6 17. Qxg4 a5 18. Qe2 Nb4 19. Bb1 Ba6 20. Nd2 Rfc8 21. b3 Qc5 22. Rfe1 Nc6 23. Qe3 Qa3 24. Qh3 h6 25. Rc3 Kh8 26. Qf3 Ra7 27. Qf4 Rd7 28. Rh3 Qb2 29. Nf3 Rcc7 30. Qc1 Qf6 31. Qc2 Kg8 32. g4 Ne5 33. Nxe5 Qxe5 34. Ree3 a4 35. Reg3 f6 36. Rh5 Qa1 37. g5 hxg5 38. e5 f5 39. exd6 Rxd6 40. Rhxg5 Rcd7 41. Kg2 Bb7+ 42. Kh3 Be4 43. Qe2 Bxb1 44. Qh5 Qf6 45. c5 Rd3 46. Qe8+ Qf8 47. Qxe6+ Rf7 48. f3 Rxf3 49. Rxf3 f4 50. Rxf4 axb3 51. axb3 g6 52. Qxf7+ 1-0

[Event "ITA-ch U18"]
[Site "Tarvisio"]
[Date "2023.07.05"]
[Round "4"]
[White "Casadio, Niccolo"]
[Black "Pizzoferrato, Mattia"]
[Result "1-0"]
[WhiteElo "2100"]
[BlackElo "1753"]
[PlyCount "71"]
[EventDate "2023.07.02"]
[EventType "swiss"]
[EventRounds "9"]
[EventCountry "ITA"]
[SourceTitle "EXT 2024"]
[Source "ChessBase"]
[SourceDate "2023.10.10"]
[SourceVersion "1"]
[SourceVersionDate "2023.10.10"]
[SourceQuality "1"]

1. d4 d5 2. Bf4 Nf6 3. e3 c5 4. dxc5 e6 5. b4 a5 6. c3 Nc6 7. Bb5 Bd7 8. Bxc6 Bxc6 9. Nd2 axb4 10. cxb4 b6 11. cxb6 Qxb6 12. a3 d4 13. Ngf3 Nd5 14. 0-0 dxe3 15. Bxe3 Nxe3 16. fxe3 Qxe3+ 17. Kh1 Bd5 18. Re1 Qf4 19. Qe2 Bd6 20. Qb5+ Kf8 21. Rf1 g5 22. Qd7 f5 23. Rae1 g4 24. Ne5 Bxe5 25. Rxf4 Bxf4 26. Rc1 Rb8 27. Rc5 Re8 28. Rxd5 Re7 29. Qc8+ Kf7 30. Rxf5+ exf5 31. Qxf5+ Ke8 32. Ne4 Rf8 33. Qxg4 Rxe4 34. Qc8+ Kf7 35. Qf5+ Kg7 36. Qxe4 1-0

[Event "Veneto-ch qf 79th"]
[Site "Padova"]
[Date "2020.02.22"]
[Round "3.16"]
[White "Pizzoferrato, Mattia"]
[Black "Fregonese, Giulio"]
[Result "1-0"]
[WhiteElo "1894"]
[BlackElo "2073"]
[PlyCount "56"]
[EventDate "2020.02.21"]
[EventType "swiss"]
[EventRounds "3"]
[EventCountry "ITA"]
[SourceTitle "EXT 2024"]
[Source "ChessBase"]
[SourceDate "2023.10.10"]
[SourceVersion "1"]
[SourceVersionDate "2023.10.10"]
[SourceQuality "1"]

1. e4 e5 2. Nf3 Nc6 3. Bc4 Bc5 4. 0-0 Nf6 5. d4 Bxd4 6. Nxd4 Nxd4 7. Be3 Nc6 8. f4 Qe7 9. Qf3 d6 10. f5 h6 11. Nc3 a6 12. Qg3 Qf8 13. Nd5 Nxd5 14. Bxd5 Bd7 15. Qh4 Nd8 16. Rf3 Bc6 17. c4 Bxd5 18. exd5 f6 19. Rc1 Nf7 20. c5 0-0-0 21. c6 bxc6 22. dxc6 Re8 23. Qb4 Nd8 24. Ba7 Nxc6 25. Rxc6 Kd7 26. Qb7 Rc8 27. Rfc3 Qd8 28. Bb6 Ke8 1-0

[Event "Wch U10"]
[Site "Batumi"]
[Date "2016.10.27"]
[Round "8"]
[White "Pizzoferrato, Mattia"]
[Black "Waser, Timon"]
[Result "1-0"]
[WhiteElo "1644"]
[BlackElo "1346"]
[PlyCount "42"]
[EventDate "2016.10.19"]
[EventType "swiss"]
[EventRounds "11"]
[EventCountry "GEO"]
[SourceTitle "EXT 2018"]
[Source "ChessBase"]
[SourceDate "2017.10.13"]
[SourceVersion "1"]
[SourceVersionDate "2017.10.13"]
[SourceQuality "1"]

1. e4 e5 2. Nf3 Nf6 3. Nc3 Nc6 4. d3 Bc5 5. Bg5 d6 6. Nd5 Bg4 7. Be2 h6 8. Nxf6+ gxf6 9. Be3 Bb6 10. Qd2 h5 11. h3 Be6 12. Bxb6 axb6 13. a3 Qe7 14. Qe3 0-0-0 15. 0-0-0 f5 16. exf5 Bxf5 17. Kb1 d5 18. d4 e4 19. Nd2 Qf6 20. c3 Be6 21. f3 Qg6 1-0

[Event "Wch U10"]
[Site "Batumi"]
[Date "2016.10.21"]
[Round "3"]
[White "Solomko, Artur"]
[Black "Pizzoferrato, Mattia"]
[Result "1/2-1/2"]
[WhiteElo "1365"]
[BlackElo "1644"]
[PlyCount "53"]
[EventDate "2016.10.19"]
[EventType "swiss"]
[EventRounds "11"]
[EventCountry "GEO"]
[SourceTitle "CBM 175 Extra"]
[Source "ChessBase"]
[SourceDate "2016.12.12"]
[SourceVersion "1"]
[SourceVersionDate "2016.12.12"]
[SourceQuality "1"]

1. d4 d5 2. c4 c6 3. Nc3 Nf6 4. Nf3 e6 5. Bg5 dxc4 6. e4 b5 7. e5 h6 8. exf6 hxg5 9. Nxg5 Qxf6 10. Nf3 Nd7 11. a4 Bb4 12. g3 Bb7 13. Bg2 a6 14. 0-0 Bxc3 15. bxc3 0-0 16. Nd2 Rfb8 17. Ne4 Qe7 18. Re1 c5 19. dxc5 Nxc5 20. Nxc5 Qxc5 21. axb5 Bxg2 22. Kxg2 axb5 23. Qf3 Rxa1 24. Rxa1 b4 25. cxb4 Qxb4 26. Ra7 Rf8 27. Rc7 1/2-1/2

[Event "Olbia CIG U16 24th"]
[Site "Olbia"]
[Date "2016.07.02"]
[Round "9"]
[White "Pizzoferrato, Mattia"]
[Black "Serloni, Ludovico"]
[Result "1-0"]
[WhiteElo "1466"]
[BlackElo "1585"]
[PlyCount "173"]
[EventDate "2016.06.26"]
[EventType "swiss"]
[EventRounds "9"]
[EventCountry "ITA"]
[SourceTitle "EXT 2024"]
[Source "ChessBase"]
[SourceDate "2023.10.10"]
[SourceVersion "1"]
[SourceVersionDate "2023.10.10"]
[SourceQuality "1"]

1. e4 e5 2. Nf3 Nc6 3. Bc4 Nf6 4. d4 Nxe4 5. dxe5 Be7 6. Qd5 0-0 7. Qxe4 d6 8. 0-0 dxe5 9. Nxe5 Nxe5 10. Qxe5 Bf6 11. Qd5 Qxd5 12. Bxd5 Rd8 13. Bb3 Bf5 14. Nc3 c6 15. Be3 b5 16. a3 a5 17. Rac1 a4 18. Ba2 Be7 19. Ne2 b4 20. axb4 Bxb4 21. c3 Be7 22. Bb1 Be6 23. Be4 Bc4 24. Rfe1 Rab8 25. Rb1 a3 26. bxa3 Rxb1 27. Bxb1 Bxe2 28. Bc2 Bg4 29. Bb6 Rd7 30. f3 Be6 31. a4 Bf6 32. Bf5 Re7 33. Bc5 Re8 34. Bd4 Bg5 35. Bxe6 fxe6 36. a5 Kf7 37. a6 Ra8 38. a7 Bf6 39. Ra1 Ke7 40. Kf2 Kd6 41. Bxf6 gxf6 42. Ke3 Ke5 43. Ra5+ Kd6 44. f4 f5 45. h3 h5 46. Kd4 c5+ 47. Kc4 Kc6 48. Ra6+ Kb7 49. Rxe6 Kxa7 50. Kxc5 Rb8 51. Rf6 Rc8+ 52. Kd4 Rg8 53. Rxf5 Rxg2 54. Rxh5 Rf2 55. f5 Kb6 56. Rh6+ Kc7 57. f6 Kd6 58. f7+ Ke7 59. Rh7 Rd2+ 60. Ke3 Rc2 61. Kd3 Rg2 62. Kc4 Rg3 63. Kb4 Rg5 64. c4 Rf5 65. c5 Rf4+ 66. Kb5 Rf5 67. Kb6 Rf1 68. c6 Rb1+ 69. Kc7 Rb3 70. Kc8 Rb6 71. c7 Rb3 72. f8Q+ Kxf8 73. Kd8 Rd3+ 74. Rd7 Rc3 75. c8Q Rc4 76. Rf7+ Kxf7 77. Qxc4+ Kf6 78. Qe2 Kf5 79. Qe3 Kf6 80. Qe4 Kg5 81. Qf3 Kg6 82. Qf4 Kg7 83. Ke7 Kg6 84. Qf6+ Kh7 85. Qg5 Kh8 86. Kf7 Kh7 87. Qg7# 1-0